<?xml version="1.0" encoding="UTF-8"?>
<record
    xmlns:xsi="http://www.w3.org/2001/XMLSchema-instance"
    xsi:schemaLocation="http://www.loc.gov/MARC21/slim http://www.loc.gov/standards/marcxml/schema/MARC21slim.xsd"
    xmlns="http://www.loc.gov/MARC21/slim">

  <leader>03647nam a2200325   4500</leader>
  <controlfield tag="001">114167</controlfield>
  <controlfield tag="003">DR-UNIBE</controlfield>
  <controlfield tag="005">20251027112041.0</controlfield>
  <controlfield tag="008">251017b2010    dr ||||| |||| 00| 0 spa d</controlfield>
  <datafield tag="020" ind1=" " ind2=" ">
    <subfield code="a">9789993468998</subfield>
  </datafield>
  <datafield tag="040" ind1=" " ind2=" ">
    <subfield code="a">BIBLIOTECA UNIBE</subfield>
    <subfield code="b">spa</subfield>
    <subfield code="c">BIBLIOTECA UNIBE</subfield>
  </datafield>
  <datafield tag="041" ind1=" " ind2=" ">
    <subfield code="a">spa</subfield>
  </datafield>
  <datafield tag="082" ind1=" " ind2=" ">
    <subfield code="2">22</subfield>
    <subfield code="a">RD 342.729303 P861m 2010</subfield>
  </datafield>
  <datafield tag="100" ind1="1" ind2=" ">
    <subfield code="a">Potentini Adames, Trajano Vidal,</subfield>
    <subfield code="d">1968-</subfield>
    <subfield code="e">autor</subfield>
    <subfield code="9">195336</subfield>
  </datafield>
  <datafield tag="245" ind1="1" ind2="0">
    <subfield code="a">Manual de derecho constitucional dominicano :</subfield>
    <subfield code="b">gu&#xED;a doctrinal y conceptual de la Constituci&#xF3;n reformada /</subfield>
    <subfield code="c">Trajano Vidal Potentini Adames</subfield>
  </datafield>
  <datafield tag="250" ind1=" " ind2=" ">
    <subfield code="a">Primera edici&#xF3;n</subfield>
  </datafield>
  <datafield tag="260" ind1=" " ind2=" ">
    <subfield code="a">Santo Domingo :</subfield>
    <subfield code="b">Librer&#xED;a Jur&#xED;dica Virtual :</subfield>
    <subfield code="b">Ediciones Jur&#xED;dicas Trajano Potentini,</subfield>
    <subfield code="c">2010</subfield>
  </datafield>
  <datafield tag="300" ind1=" " ind2=" ">
    <subfield code="a">xlviii, 604 p&#xE1;ginas</subfield>
    <subfield code="c">23 cm</subfield>
  </datafield>
  <datafield tag="504" ind1=" " ind2=" ">
    <subfield code="a">Incluye referencias bibliogr&#xE1;ficas (p&#xE1;ginas: 593-604) e &#xED;ndice</subfield>
  </datafield>
  <datafield tag="505" ind1="0" ind2=" ">
    <subfield code="a">PRIMERA PARTE. CONCEPTOS B&#xC1;SICOS DEL DERECHO Y TEOR&#xCD;A GENERAL DEL ESTADO |
Cap&#xED;tulo I. El derecho como orden normativo |
Cap&#xED;tulo II. Teor&#xED;a general del Estado |
Cap&#xED;tulo III. Reconocimiento y funciones del Estado |
Cap&#xED;tulo IV. Formas de Estado y de gobierno |
SEGUNDA PARTE. LA DEMOCRACIA Y LOS MECANISMOS DE PARTICIPACI&#xD3;N POPULAR |
Cap&#xED;tulo V. La democracia como sistema pol&#xED;tico |
Cap&#xED;tulo VI. Mecanismos de participaci&#xF3;n popular: referendo, plebiscito e iniciativa legislativa popular |
TERCERA PARTE. INTRODUCCI&#xD3;N AL ESTUDIO DE LA TEOR&#xCD;A CONSTITUCIONAL |
Cap&#xED;tulo VII. Constitucionalismo y derecho constitucional |
Cap&#xED;tulo VIII. La Constituci&#xF3;n y el poder constituyente |
Cap&#xED;tulo IX. El constitucionalismo dominicano |
Cap&#xED;tulo X. La reforma constitucional |
CUARTA PARTE. RASGOS M&#xC1;S RELEVANTES DE LA CONSTITUCI&#xD3;N REFORMADA |
Cap&#xED;tulo XI. Los principios y valores constitucionales |
Cap&#xED;tulo XII. El Estado social y democr&#xE1;tico de derecho en la Constituci&#xF3;n reformada |
Cap&#xED;tulo XIII. Los derechos fundamentales y las libertades p&#xFA;blicas en la Constituci&#xF3;n reformada |
Cap&#xED;tulo XIV. Sistema de protecci&#xF3;n y garant&#xED;as constitucionales de los derechos fundamentales |
QUINTA PARTE. DERECHO PROCESAL CONSTITUCIONAL, JUSTICIA CONSTITUCIONAL Y CONTROL DE LA CONSTITUCIONALIDAD |
Cap&#xED;tulo XV. Derecho procesal constitucional y justicia constitucional |
Cap&#xED;tulo XVI. Sistema de control de la constitucionalidad de las leyes en la Constituci&#xF3;n reformada |
Cap&#xED;tulo XVII. Proceso de formaci&#xF3;n de las leyes y otras disposiciones normativas |
SEXTA PARTE. AVANCES, NOVEDADES, RETOS Y DESAF&#xCD;OS EN LA CONSTITUCI&#xD3;N REFORMADA |
Cap&#xED;tulo XVIII. Avances y novedades contenidos en la Constituci&#xF3;n reformada |
Cap&#xED;tulo XIX. Retos, desaf&#xED;os y posibles escollos en la Constituci&#xF3;n reformada |
PARTE FINAL. ACONTECIMIENTOS HIST&#xD3;RICOS QUE INFLUYER&#xD3;N EN EL CONSTITUCIONALISMO Y ANEXOS |
Cap&#xED;tulo &#xFA;nico. Revoluciones inglesa, francesa y guerras de independencia de las naciones estadounidense y dominicana |
Anexo I. Breve glosario comprensivo concordado en materia constitucional |
Anexo II. Gobiernos dominicanos |
Bibliograf&#xED;a consultada

 
</subfield>
  </datafield>
  <datafield tag="650" ind1=" " ind2="7">
    <subfield code="2">lemb</subfield>
    <subfield code="a">Reformas constitucionales</subfield>
    <subfield code="z">Rep&#xFA;blica Dominicana</subfield>
    <subfield code="9">30189</subfield>
  </datafield>
  <datafield tag="650" ind1=" " ind2="7">
    <subfield code="2">lemb</subfield>
    <subfield code="a">Control de constitucionalidad</subfield>
    <subfield code="z">Rep&#xFA;blica Dominicana</subfield>
    <subfield code="9">5532</subfield>
  </datafield>
  <datafield tag="651" ind1=" " ind2="7">
    <subfield code="2">lemb</subfield>
    <subfield code="a">Rep&#xFA;blica Dominicana</subfield>
    <subfield code="x">Derecho constitucional</subfield>
    <subfield code="v">Gu&#xED;as</subfield>
    <subfield code="9">200066</subfield>
  </datafield>
  <datafield tag="651" ind1=" " ind2="7">
    <subfield code="2">lemb</subfield>
    <subfield code="a">Rep&#xFA;blica Dominicana</subfield>
    <subfield code="x">Historia constitucional</subfield>
    <subfield code="9">194322</subfield>
  </datafield>
  <datafield tag="655" ind1=" " ind2=" ">
    <subfield code="v">Manuales</subfield>
    <subfield code="9">194534</subfield>
  </datafield>
  <datafield tag="700" ind1="1" ind2=" ">
    <subfield code="a">Cuesta, Modesto</subfield>
    <subfield code="e">corrector de estilo</subfield>
    <subfield code="9">47909</subfield>
  </datafield>
  <datafield tag="700" ind1="1" ind2=" ">
    <subfield code="a">P&#xE9;rez, Jos&#xE9; Miguel</subfield>
    <subfield code="e">diagramador</subfield>
    <subfield code="9">155727</subfield>
  </datafield>
  <datafield tag="710" ind1="2" ind2=" ">
    <subfield code="a">Ediciones Jur&#xED;dicas Trajano Potentini</subfield>
    <subfield code="e">direcci&#xF3;n y coordinaci&#xF3;n editorial</subfield>
    <subfield code="9">181019</subfield>
  </datafield>
  <datafield tag="942" ind1=" " ind2=" ">
    <subfield code="2">ddc</subfield>
    <subfield code="c">BK</subfield>
  </datafield>
  <datafield tag="999" ind1=" " ind2=" ">
    <subfield code="c">114167</subfield>
    <subfield code="d">114167</subfield>
  </datafield>
  <datafield tag="952" ind1=" " ind2=" ">
    <subfield code="0">0</subfield>
    <subfield code="1">0</subfield>
    <subfield code="2">ddc</subfield>
    <subfield code="7">0</subfield>
    <subfield code="8">GEN-RD</subfield>
    <subfield code="a">Principal</subfield>
    <subfield code="d">2025-08-15</subfield>
    <subfield code="l">0</subfield>
    <subfield code="o">RD 342.729303 P861m_2010</subfield>
    <subfield code="p">251074</subfield>
    <subfield code="r">2025-10-17 14:37:45</subfield>
    <subfield code="t">Ej. 1</subfield>
    <subfield code="w">2025-10-17</subfield>
    <subfield code="y">BK</subfield>
  </datafield>
</record>
